Derecho tributario y promoción filantrópica; capacitación y transferencia de conocimiento y experiencias / Carlos Sandoval (Registro nro. 2516)

Detalles MARC
000 -LEADER
fixed length control field 00724nam a22001931a 4500
001 - CONTROL NUMBER
control field 2516
003 - CONTROL NUMBER IDENTIFIER
control field OSt
005 - DATE AND TIME OF LATEST TRANSACTION
control field 20260204211815.0
008 - FIXED-LENGTH DATA ELEMENTS--GENERAL INFORMATION
fixed length control field 040310s ||||dr ||||||b||||||||||spa||
050 ## - LIBRARY OF CONGRESS CALL NUMBER
Classification number RD 336.2 S218d
082 ## - DEWEY DECIMAL CLASSIFICATION NUMBER
Classification number RD 336.2 S218d
100 ## - ASIENTO PRINCIPAL -- NOMBRE PERSONAL
Personal name Sandoval Peralta, Carlos
245 ## - TÍTULO PROPIAMENTE DICHO: SUBTÍTULO
Title Derecho tributario y promoción filantrópica; capacitación y transferencia de conocimiento y experiencias / Carlos Sandoval
264 ## - PRODUCTION, PUBLICATION, DISTRIBUTION, MANUFACTURE, AND COPYRIGHT NOTICE
Place of production, publication, distribution, manufacture Santo Domingo : INTEC, BID
300 ## - PHYSICAL DESCRIPTION
Extensión 58 p.
490 ## - MENCIÓN DE SERIE
Series statement Colección Sociedad Civil. Serie. Documentos de Trabajo il
650 ## - ASIENTO SECUNDARIO DE MATERIA -- TERMINO TEMÁTICO
Termino Temático Como Elemento de Entrada 1.Impuestos - República Dominicana 2.Extensión de Impuestos - República Dominicana 3.Sociedad Civil - República DominicanaÌ
942 ## - ADDED ENTRY ELEMENTS (KOHA)
Source of classification or shelving scheme Dewey Decimal Classification
Koha item type Libros
Existencias
Withdrawn status Lost status Source of classification or shelving scheme Damaged status Not for loan Current library Date acquired Full call number Barcode Date last seen Price effective from Koha item type
    Dewey Decimal Classification Descartado para donación   Biblioteca UTECO 09/09/2019 RD 336.2 S218D 006108 09/09/2019 09/09/2019 Libros
© 2021 Derechos Reservados UTECO - Teléfono: +1 809-585-2291 - Correo electrónico: biblioteca@uteco.edu.do​  
Código postal 43000 ​​
Dirección: Avenida Universitaria No. 100, 
Cotuí, Provincia Sánchez Ramírez, República Dominicana - RNC: 404-00059-6